000 00681nam a22002057a 4500
999 _c7554
_d7554
003 AR-CdUCM
008 190320b ||||| |||| 00| 0 spa d
040 _aMUNICIPALIDAD PROVINCIAL DEL CUSCO
_cBIBLIOTECA MUNICIPAL DEL CUSCO
082 _a170 /
_bS26
100 _aSexe Eby, Louise
_921329
245 _aEtica :
_bEn busca de la ley moral /
260 _aPuebla :
_bCajica,
_c1953.
300 _a340 paginas ;
_c19 cm.
505 _aContenido : Primera parte : Algunos sistemas clasicos de la etica -- Segunda parte : Conversion de la etica en ciencia ...
650 _aEtica
_91337
650 _aCiencia
_92098
650 _aHumano
_9596
942 _2ddc
_cLIBROS
945 _arah